Catastrophe Containment and Relief Trust : Policy Proposals and Funding Strategy.

In direct response to the COVID-19 crisis the International Monetary Fund (IMF) Executive Board has adopted some immediate enhancements to its Catastrophe Containment and Relief Trust (CCRT) to enable the Fund to provide debt service relief for its poorest and most vulnerable members. The CCRT enabl...

Ful tanımlama

Detaylı Bibliyografya
Müşterek Yazar: International Monetary Fund
Materyal Türü: Dergi
Dil:English
Baskı/Yayın Bilgisi: Washington, D.C. : International Monetary Fund, 2020.
Seri Bilgileri:Policy Papers; Policy Paper ; No. 2020/017
Online Erişim:Full text available on IMF
LEADER 01528cas a2200241 a 4500
001 AALejournalIMF020847
008 230101c9999 xx r poo 0 0eng d
020 |c 5.00 USD 
020 |z 9781513539454 
022 |a 2663-3493 
040 |a BD-DhAAL  |c BD-DhAAL 
110 2 |a International Monetary Fund. 
245 1 0 |a Catastrophe Containment and Relief Trust :   |b Policy Proposals and Funding Strategy. 
264 1 |a Washington, D.C. :  |b International Monetary Fund,  |c 2020. 
300 |a 1 online resource (23 pages) 
490 1 |a Policy Papers 
500 |a <strong>Off-Campus Access:</strong> No User ID or Password Required 
500 |a <strong>On-Campus Access:</strong> No User ID or Password Required 
506 |a Electronic access restricted to authorized BRAC University faculty, staff and students 
520 3 |a In direct response to the COVID-19 crisis the International Monetary Fund (IMF) Executive Board has adopted some immediate enhancements to its Catastrophe Containment and Relief Trust (CCRT) to enable the Fund to provide debt service relief for its poorest and most vulnerable members. The CCRT enables the IMF to deliver grants for debt relief benefiting eligible low-income countries in the wake of catastrophic natural disasters and major, fast-spreading public health emergencies. 
538 |a Mode of access: Internet 
830 0 |a Policy Papers; Policy Paper ;  |v No. 2020/017 
856 4 0 |z Full text available on IMF  |u http://elibrary.imf.org/view/journals/007/2020/017/007.2020.issue-017-en.xml  |z IMF e-Library